APPLIED CHEMISTRY:1ST YEAR [1ST-SEMESTER] FOR DIPLOMA ENGINEERING STUDENTS (Record no. 8580)

MARC details
000 -LEADER
fixed length control field 00416nam a22001577a 4500
005 - DATE AND TIME OF LATEST TRANSACTION
control field 20240831143150.0
008 - FIXED-LENGTH DATA ELEMENTS--GENERAL INFORMATION
fixed length control field 240830b |||||||| |||| 00| 0 eng d
041 ## - LANGUAGE CODE
Language code of text/sound track or separate title eng
082 ## - DEWEY DECIMAL CLASSIFICATION NUMBER
Classification number 540 DEV
100 ## - MAIN ENTRY--AUTHOR NAME
Personal name DEVI, ALOKA
245 ## - TITLE STATEMENT
Title APPLIED CHEMISTRY:1ST YEAR [1ST-SEMESTER] FOR DIPLOMA ENGINEERING STUDENTS
260 ## - PUBLICATION, DISTRIBUTION, ETC. (IMPRINT)
Place of publication KOLKATA
Name of publisher BHAGABATI PUBLICATION
300 ## - PHYSICAL DESCRIPTION
Number of Pages 384;p
650 ## - SUBJECT ADDED ENTRY--TOPICAL TERM
Topical Term MINING
942 ## - ADDED ENTRY ELEMENTS (KOHA)
Koha item type Books
Holdings
Lost status Damaged status Collection code Home library Current library Shelving location Date acquired Source of acquisition Cost, normal purchase price Serial Enumeration / chronology Full call number Accession Number Koha item type
    Reference JRU Library JRU Library SHELF-72-D 30/08/2024 PURCHASE 340.00 NEW ARRIVALS SHELF 540 28296 Books
    MINING JRU Library JRU Library SHELF-56-F 30/08/2024 PURCHASE 340.00   540 28297 Books